000 00852nab a2200253 u 4500
001 10887
003 HDC
007 cr bn ---aaaaa
008 210206c20150610 mydr|nes 0 a may d
040 _aHDC
100 _aWisnu Wage,
_eauthor
_911145
245 0 _aDi Indonesia Masih Ada Obat Asma Berbahan Rambut Bekas Manusia /
_cby Wisnu Wage
260 _a[no place] :
_b[publisher not identified],
_c[no year]
336 _atext
_2rdacontent
337 _acomputer
_2rdamedia
338 _aonline resource
_2rdacarrier
650 _aMedicine
_97031
650 _aPharmaceutical
_91773
710 _aBisnis.com
856 _zRequest full-text at [email protected]
942 _2lcc
942 _cNEWS
942 _kNWSO 000240
999 _c8210
_d8210